Razonamiento lógico básico

Uloženo v:
Podrobná bibliografie
Hlavní autoři: García Nieto, Narciso (Autor), Yuste Hernanz, Carlos (Autor)
Médium: Kniha
Jazyk:španělština
Vydáno: Madrid I.C.C.E 1994
Edice:Colección Refuerzo y Desarrollo de Habilidades Mentales Básicas. Iniciación 1.2
Témata:
Tagy: Přidat tag
Žádné tagy, Buďte první, kdo vytvoří štítek k tomuto záznamu!

MARC

LEADER 00000nam a2200000 a 4500
001 UCO6643
003 CL-VaPUC
008 001027e19940000SP |||||||||||||||||spa|d
082 0 4 |a 370.152  |b GAR  |2 21 
100 |a García Nieto, Narciso  |e author  |9 546696 
700 0 |a Yuste Hernanz, Carlos  |e author  |9 451454 
245 1 0 |a Razonamiento lógico básico 
300 |a 111 p 
942 |c BK 
945 |d 20001027 00:00:00  |a vberengu 
260 |a Madrid  |b I.C.C.E  |c 1994 
650 0 |a Métodos de enseñanza  |9 270413 
650 0 |a Razonamiento  |9 256520 
583 |a last modification  |c 20001027 00:00:00  |k Rodrigo Vera 
490 0 |a Colección Refuerzo y Desarrollo de Habilidades Mentales Básicas. Iniciación 1.2 
999 |c 292122  |d 292120 
952 |0 0  |1 0  |4 0  |6 370_152000000000000_GAR_1994  |7 0  |8 A  |9 342728  |a BIBEDU  |b BIBEDU  |d 2019-11-20  |i 3661784  |o 370.152 GAR 1994  |p 3661784  |r 2019-11-20  |w 2019-11-20  |y BK  |k BME